[Event "GER M06-C email"]
[Site "GER email"]
[Date "2017.06.26"]
[Round "?"]
[White "Dimov, Diyan"]
[Black "Avotins, Maigonis"]
[Result "1/2-1/2"]
[WhiteElo "2432"]
[BlackElo "2414"]
[PlyCount "35"]
[EventDate "2017.??.??"]
[EventType "tourn (corr)"]
[EventRounds "10"]
[EventCountry "GER"]
[SourceTitle "Corr 2020"]
[Source "ChessBase"]
[SourceDate "2019.09.30"]
[SourceVersion "1"]
[SourceVersionDate "2019.09.30"]
[SourceQuality "1"]

1. e4 c5 2. Nf3 d6 3. d4 cxd4 4. Nxd4 Nf6 5. Nc3 a6 6. g3 e5 7. Nb3 Be7 8. Bg2 b5 9. Nd5 Nxd5 10. Qxd5 Ra7 11. Be3 Be6 12. Qd2 Rd7 13. 0-0 d5 14. exd5 Bxd5 15. Bxd5 Rxd5 16. Qe2 0-0 17. a4 Qd7 18. Rfd1 1/2-1/2

[Event "GER M06-C email"]
[Site "GER email"]
[Date "2017.06.26"]
[Round "?"]
[White "Dimov, Diyan"]
[Black "Wapniewski, Kay Edgar"]
[Result "1/2-1/2"]
[WhiteElo "2432"]
[BlackElo "2383"]
[PlyCount "25"]
[EventDate "2017.??.??"]
[EventType "tourn (corr)"]
[EventRounds "10"]
[EventCountry "GER"]
[SourceTitle "Corr 2020"]
[Source "ChessBase"]
[SourceDate "2019.09.30"]
[SourceVersion "1"]
[SourceVersionDate "2019.09.30"]
[SourceQuality "1"]

1. e4 e5 2. Nf3 Nc6 3. Bb5 Nf6 4. d3 Bc5 5. c3 0-0 6. Nbd2 d6 7. h3 Ne7 8. d4 exd4 9. cxd4 Bb6 10. 0-0 d5 11. e5 Ne4 12. Bd3 Bf5 13. Qe2 1/2-1/2

[Event "GER M06-C email"]
[Site "GER email"]
[Date "2017.06.26"]
[Round "?"]
[White "Janisch, Manfred"]
[Black "Dimov, Diyan"]
[Result "1/2-1/2"]
[WhiteElo "2416"]
[BlackElo "2432"]
[PlyCount "61"]
[EventDate "2017.??.??"]
[EventType "tourn (corr)"]
[EventRounds "10"]
[EventCountry "GER"]
[SourceTitle "Corr 2020"]
[Source "ChessBase"]
[SourceDate "2019.09.30"]
[SourceVersion "1"]
[SourceVersionDate "2019.09.30"]
[SourceQuality "1"]

1. e4 c5 2. Nf3 d6 3. d4 cxd4 4. Nxd4 Nf6 5. Nc3 g6 6. f3 Bg7 7. Be3 0-0 8. Qd2 Nc6 9. 0-0-0 d5 10. exd5 Nxd5 11. Nxc6 bxc6 12. Bd4 Bxd4 13. Qxd4 Qb6 14. Na4 Qc7 15. Nc5 Rd8 16. Bc4 Bf5 17. Bb3 Nf4 18. Qf2 Rxd1+ 19. Rxd1 Rd8 20. Re1 h5 21. g3 Nd5 22. a3 e6 23. Rd1 Nb6 24. c3 Rxd1+ 25. Bxd1 Nd7 26. Nxd7 Qxd7 27. Qd2 Qe7 28. b4 a5 29. Kb2 axb4 30. cxb4 e5 31. Bc2 1/2-1/2

[Event "GER M06-C email"]
[Site "GER email"]
[Date "2017.06.26"]
[Round "?"]
[White "Savoca, Alfredo"]
[Black "Dimov, Diyan"]
[Result "1/2-1/2"]
[WhiteElo "2447"]
[BlackElo "2432"]
[PlyCount "53"]
[EventDate "2017.??.??"]
[EventType "tourn (corr)"]
[EventRounds "10"]
[EventCountry "GER"]
[SourceTitle "Corr 2020"]
[Source "ChessBase"]
[SourceDate "2019.09.30"]
[SourceVersion "1"]
[SourceVersionDate "2019.09.30"]
[SourceQuality "1"]

1. e4 c5 2. Nf3 d6 3. d4 cxd4 4. Nxd4 Nf6 5. Nc3 g6 6. Be3 Bg7 7. f3 0-0 8. Qd2 Nc6 9. 0-0-0 d5 10. Qe1 e5 11. Nxc6 bxc6 12. exd5 Nxd5 13. Bc4 Be6 14. Kb1 h6 15. Bb3 a5 16. Na4 Qf6 17. Bc5 Rfd8 18. Rf1 h5 19. h3 Nf4 20. Rxd8+ Rxd8 21. Bb6 Re8 22. Rf2 c5 23. Bxc5 Bd7 24. Nc3 a4 25. Bc4 Qc6 26. Qe3 Ne6 27. Bxe6 1/2-1/2